Blood brothers (Iron Maiden) - Lyrics - Statistics

General Stats
  • This quiz has been taken 4 times
  • The average score is 176 of 304
Answer Stats
Lyrics % Correct
the
100%
a
67%
all
67%
And
67%
and
67%
are
67%
as
67%
blood
67%
brothers
67%
Can
67%
can
67%
chance
67%
chances
67%
do
67%
easy
67%
ever
67%
everything
67%
expect
67%
garden
67%
have
67%
I
67%
if
67%
is?
67%
learned?
67%
life
67%
me
67%
of
67%
our
67%
really
67%
right
67%
see?
67%
see
67%
see,
67%
so
67%
taking
67%
tell
67%
think
67%
through
67%
walk
67%
we
67%
We're
67%
we're
67%
What
67%
what
67%
when
67%
When
67%
where
67%
Will
67%
would
67%
you
67%
you'd
67%
your
67%
you're
67%
affray
33%
afraid
33%
again
33%
answer
33%
around
33%
ashamed
33%
at
33%
away
33%
babies
33%
bad
33%
balance
33%
be
33%
beckons
33%
book
33%
burnt
33%
by
33%
dead
33%
dismay
33%
know
33%
edge
33%
emotions
33%
fate's
33%
father
33%
feel
33%
floating
33%
for
33%
glimpse
33%
good
33%
hand
33%
he
33%
I'm
33%
in
33%
Just
33%
Keep
33%
know
33%
like
33%
lives
33%
living
33%
look
33%
make
33%
Makes
33%
making
33%
Maybe
33%
memories
33%
mirror
33%
mistakes
33%
moment,
33%
movement,
33%
moves
33%
my
33%
Not
33%
old
33%
on
33%
Out
33%
own
33%
prayer
33%
precious
33%
reflecting
33%
reflections
33%
remains
33%
reopening
33%
river,
33%
same
33%
Say
33%
second,
33%
streets
33%
swept
33%
that
33%
There
33%
things
33%
times
33%
to
33%
untipping
33%
us
33%
used
33%
war-torn
33%
we've
33%
world
33%
wounds
33%
No matching quizzes found
Score Distribution
Percent of People with Each Score
Percentile by Number Answered
Your Score History
You have not taken this quiz